Đoạn tuyệt : Tiểu thuyết

Guardat en:
Dades bibliogràfiques
Autor principal: Nhất Linh
Format: Llibre
Idioma:Undetermined
Publicat: Đồng Tháp Tổng hợp 1997
Matèries:
Etiquetes: Afegir etiqueta
Sense etiquetes, Sigues el primer a etiquetar aquest registre!
Thư viện lưu trữ: Trung tâm Học liệu Trường Đại học Cần Thơ
LEADER 00551nam a2200193Ia 4500
001 CTU_35121
008 210402s9999 xx 000 0 und d
082 |a 895.922331 
082 |b Nh124 
100 |a Nhất Linh 
245 0 |a Đoạn tuyệt : 
245 0 |b Tiểu thuyết 
245 0 |c Nhất Linh 
260 |a Đồng Tháp 
260 |b Tổng hợp 
260 |c 1997 
650 |a Vietnamese fiction,Vietnamese literature 
650 |y 20th century,20th century 
980 |a Trung tâm Học liệu Trường Đại học Cần Thơ